| 000 | 00419nam a22001577a 4500 | ||
|---|---|---|---|
| 999 |
_c1596 _d1596 |
||
| 008 | 200127b ||||| |||| 00| 0 eng d | ||
| 041 | 0 | _aeng | |
| 082 | 0 | 0 |
_a808.51 _bS9291 |
| 100 |
_91235 _aStuart, Cristina |
||
| 245 | 1 | 0 |
_aEffective speaking / _cby Cristina Stuart |
| 250 | _a5th ed. | ||
| 260 |
_aCalcutta: _bRupa Publication, _c1997. |
||
| 300 | _a242 p. | ||
| 650 | 0 | _aEnglish Language | |
| 942 | _cBK | ||